000 01193cam a2200337 a 4500
001 13833212
005 20170105102911.0
008 041104s2004 ii b 001 0 eng
010 _a 2004309604
020 _a8175962186
025 _aI-E-2004-309604; 63-01
037 _bLibrary of Congress -- New Delhi Overseas Office
_cRs595.00
040 _aDLC
_cDLC
_dDLC
042 _alcode
043 _aaz-----
050 0 0 _aJZ5597
_b.R39 2004
082 0 0 _a327.1
_222
100 1 _aRay, Aswini K.,
_d1938-
245 1 0 _aWestern realism and international relations :
_ba non-western view /
_cAswini K. Ray.
260 _aNew Delhi :
_bFoundation Books,
_c2004.
300 _axi, 232 p. ;
_c25 cm.
504 _aIncludes bibliographical references (p. 207-210) and index.
650 0 _aSecurity, International.
650 0 _aInternational relations.
650 0 _aNational security
_zSouth Asia.
651 0 _aSouth Asia
_xForeign relations.
856 4 1 _3Table of contents
_uhttp://www.loc.gov/catdir/toc/fy0606/2004309604.html
906 _a7
_bcbc
_corigode
_d3
_encip
_f20
_gy-gencatlg
942 _2ddc
_cBK
999 _c15150
_d15150